Lecciones sobre la filosofía de la historia universal
Saved in:
| Hovedforfatter: | |
|---|---|
| Format: | Bog |
| Sprog: | spansk |
| Udgivet: |
Madrid, España
Alianza
1980
|
| Serier: | Colección Alianza Universidad,
265 |
| Fag: | |
| Tags: |
Tilføj Tag
Ingen Tags, Vær først til at tagge denne postø!
|
MARC
| LEADER | 00000nam a2200000 a 4500 | ||
|---|---|---|---|
| 001 | UCP5584 | ||
| 003 | CL-VaPUC | ||
| 005 | 20211117074526.0 | ||
| 008 | 990927e19800000SP |||||||||||||||||spa|d | ||
| 100 | |a Hegel, Georg Wilhelm Friedrich |e autor |9 580639 | ||
| 999 | |c 283313 |d 283311 | ||
| 040 | |c Pontificia Universidad Católica de Valparaíso | ||
| 082 | 0 | 4 | |a 901 HEG 1980 |2 21 |
| 245 | 1 | 0 | |a Lecciones sobre la filosofía de la historia universal |
| 260 | |a Madrid, España |b Alianza |c 1980 | ||
| 300 | |a 701 páginas | ||
| 490 | 0 | |a Colección Alianza Universidad, |v 265 | |
| 583 | |a last modification |c 19990927 00:00:00 |k Rodrigo Vera | ||
| 650 | 0 | |a Filosofía de la historia |9 265651 | |
| 650 | 0 | |a Historia antigua |9 267521 | |
| 651 | 0 | |a Grecia |9 265314 | |
| 651 | 0 | |a Roma |9 255106 | |
| 651 | 0 | |a Alemania |9 255688 | |
| 942 | |c BK |2 ddc | ||
| 945 | |d 19990927 00:00:00 |a rbrito | ||
| 952 | |0 0 |1 0 |4 0 |6 901_000000000000000_HEG_1980 |7 0 |8 A |9 326281 |a BIBEDU |b BIBEDU |d 2019-11-20 |i 3559661 |o 901 HEG 1980 |p 3559661 |r 2019-11-20 |w 2019-11-20 |y BK |k BME | ||